000 00723nam a2200265Ia 4500
005 20260121170705.0
008 008 260114s9999 xx 000 0 eng d
020 _a9783319979342
037 _aEBOOK
040 _aCRL
040 _beng
040 _cCRL
041 _2eng
041 _aeng
084 _qCRL
100 _aAlexandra I. Cristea, Ig Ibert Bittencourt, Fernanda Lima
_91066978
245 0 _aHigher Education for All. From Challenges to Novel Technology-Enhanced Solutions
260 _bSpringer
260 _bSpringer
260 _c2018
856 _uhttps://link.springer.com/openurl?genre=book&isbn=978-3-319-97934-2
942 _cEBOOK
999 _c1632708
_d1632708